Online Catalogue and eLibrary

Nagenahira mudaganeema : (Record no. 5052)

MARC details
000 -LEADER
fixed length control field 00499nam a2200157Ia 4500
005 - DATE AND TIME OF LATEST TRANSACTION
control field 20250613034627.0
008 - FIXED-LENGTH DATA ELEMENTS--GENERAL INFORMATION
fixed length control field 240331s9999 xx 000 0 und d
020 ## - INTERNATIONAL STANDARD BOOK NUMBER
ISBN 9789555050500
082 ## - DDC Classification
Item Number - Author Mark SEN
Class No. 322
100 ## - MAIN ENTRY--PERSONAL NAME
Personal name Senevirathne,S
245 #0 - TITLE STATEMENT
Title Nagenahira mudaganeema :
Remainder of title Mavilaru sita Thoppigala dakva
260 ## - PUBLICATION, DISTRIBUTION, ETC.
Place of publication, distribution, etc. Narahenpita
Name of publisher, distributor, etc. Hoganji Graphics Private Limited
Date of publication, distribution, etc. 2008
300 ## - PHYSICAL DESCRIPTION
Extent (e.g. Volumes, Pages etc.) 244 p .,
500 ## - GENERAL NOTE
General note The Fourth Eelam war: Liberation of the East ( from Mavil Aru to Thoppigala)
942 ## - Koha item type (Biblio)
Koha item type Books in Stacks (Lending)
Holdings
Lost status Damaged status Collection code Home library Current library Shelving location Date acquired Full call number Accession Number Item type
    Lending WERC Library WERC Library Social Science Cupboard 03/31/2024 322.4 SEN 6351 Books in Stacks (Lending)

© WERC Library